000
00266nam a2200109Ia 4500
008
190216s9999||||xx |||||||||||||| ||und||
100
_a
Chandan J.S
245
0
_a
Management Theory And Practice
260
_b
Vikas Publishing House
_c
1999
300
_a
507p
942
_c
BK
999
_c
5951
_d
5951